We're banking on the project (Record no. 77202)
[ view plain ]
| 000 -LEADER | |
|---|---|
| fixed length control field | 01007cab a2200181 4500 |
| 001 - CONTROL NUMBER | |
| control field | ##L133781 |
| 008 - FIXED-LENGTH DATA ELEMENTS--GENERAL INFORMATION | |
| fixed length control field | 060609n2006 000 0 eng u |
| 035 ## - SYSTEM CONTROL NUMBER | |
| System control number | (Sirsi) u133781 |
| 041 0# - LANGUAGE CODE | |
| Language code of text/sound track or separate title | eng |
| 100 1# - MAIN ENTRY--PERSONAL NAME | |
| Personal name | Klein, Rudi |
| 245 00 - TITLE STATEMENT | |
| Title | We're banking on the project |
| 260 ## - PUBLICATION, DISTRIBUTION, ETC. | |
| Date of publication, distribution, etc. | 2006 |
| 490 #0 - SERIES STATEMENT | |
| Series statement | Construction News |
| Volume/sequential designation | (6970) 8 June 2006, 24(1) |
| 520 ## - SUMMARY, ETC. | |
| Summary, etc. | Considers the merits of project bank accounts, which eliminate inefficiencies in the current payment systems within the construction industry, and provide greater certainty of payment to contractors, consultants and suppliers further down the supply chain. Because the money in these accounts is held in trust, it cannot be claimed by a liquidator if one of the parties becomes insolvent. The accounts also help to generate trust between the parties, thereby contributing to genuine team working and partnering. |
| 651 #4 - SUBJECT ADDED ENTRY--GEOGRAPHIC NAME | |
| Geographic name | United Kingdom |
| Chronological subdivision | |
| 690 ## - LOCAL SUBJECT ADDED ENTRY--TOPICAL TERM (OCLC, RLIN) | |
| Topical term or geographic name as entry element | BUILT ENVIRONMENT-CONSTRUCTION MANAGEMENT-BUILDING CONTRACT ADMINISTRATION |
| 942 ## - ADDED ENTRY ELEMENTS (KOHA) | |
| Suppress in OPAC | 0 |
| Withdrawn status | Lost status | Source of classification or shelving scheme | Damaged status | Not for loan | Home library | Current library | Shelving location | Date acquired | Total Checkouts | Full call number | Barcode | Date last seen | Copy number | Price effective from | Koha item type |
|---|---|---|---|---|---|---|---|---|---|---|---|---|---|---|---|
| Dewey Decimal Classification | London | London | Journal article | 09/06/2006 | L133781 | 133781-1001 | 06/08/2019 | 1 | 06/08/2019 | Journal article |